000 00862cam a2200229 4500
001 BIIH006437
008 1986 spa
020 _a968-837-413-X
035 _aBIIH006437
050 4 _aZ5936
_b.A77 E33 1986
100 1 _aEder, Rita
245 0 _aTeoria social del arte : bibliografia comentada Juan Acha, Nestor Garcia Canclini, Shifra Goldman, Nicos Hadjinicolau, Maria Herrera, Fernando Martin, Roberto Miro Quezada, Victoria Novelo, Ida Rodriguez Prampolini /
_cRita Eder, Mirko Laver.
260 _aMéxico :
_bUNAM,
_c1986
300 _a322 p. ;
_c23 cm.
440 0 _aCuadernos de historia del arte ; 20 Instituto de Investigac-
440 0 _aiones Esteticas
500 _a1 ejemplar
650 4 _aArte y sociedad
_xBibliografia
650 4 _aArte
_xBibliografia
700 1 _aLaver, Mirko,
_ecoaut.
942 _2lcc
_cLIB
999 _c86355
_d86355